Statistics for Largest Towns In Every English County

Click here to take the quiz!

General Stats

  • This quiz has been taken 191 times
  • The average score is 26 of 45

Answer Stats

Answer% Correct
Liverpool
88%
Manchester
87%
Oxford
86%
Leicester
84%
Norwich
81%
Newcastle Upon Tyne
81%
Nottingham
81%
Derby
81%
Leeds
80%
Birmingham
80%
Lincoln
78%
Plymouth
76%
York
75%
Northampton
75%
Southampton
75%
Kingston Upon Hull
74%
Gloucester
73%
Reading
71%
Ipswich
71%
Worcester
71%
Brighton & Hove
71%
Hereford
69%
Sheffield
69%
Carlisle
67%
Bournemouth
55%
Luton
53%
Peterborough
51%
Stoke-On-Trent
49%
Milton Keynes
47%
Southend-On-Sea
45%
Bath
44%
Swindon
42%
Blackpool
40%
Telford
36%
Maidstone
35%
Watford
34%
Oakham
33%
Newport
32%
St Austell
27%
Warrington
21%
Blyth
18%
Darlington
18%
Woking
15%
Worthing
15%
Nuneaton
12%

Score Distribution

Percentile by Number Answered

Percent of People with Each Score

Your Score History

You have not taken this quiz